书目信息 |
| 题名: |
纳尔逊·曼德拉
|
|
| 作者: | 芬利森 著 ;李欣 , 丘月关 译注 | |
| 分册: | ||
| 出版信息: | 上海 上海外语教育出版社 2008.10 |
|
| 页数: | 155页 | |
| 开本: | 21cm | |
| 丛书名: | 外教社人物传记丛书 | |
| 单 册: | ||
| 中图分类: | H319.4 , K834.787 | |
| 科图分类: | ||
| 主题词: | 英语--汉语--对照读物 | |
| 电子资源: | ||
| ISBN: | 978-7-5446-0903-6 | |
| 000 | 01670nam 2200325 450 | |
| 001 | 0011138924 | |
| 005 | 20100528082751.50 | |
| 010 | @a978-7-5446-0903-6@dCNY20.00 | |
| 100 | @a20100515d2008 em y0chiy0110 ea | |
| 101 | 2 | @achi@aeng@ceng |
| 102 | @aCN@b310000 | |
| 105 | @aa z 000yb | |
| 200 | 1 | @a纳尔逊·曼德拉@Ana er xun·man de la@d= Nelson Mandela@e英汉对照@fReggie Finlayson著@FReggie Finlayson zhu@g丘月关,李欣译注@zeng |
| 210 | @a上海@c上海外语教育出版社@d2008.10 | |
| 215 | @a155页@c图@d21cm | |
| 225 | 2 | @a外教社人物传记丛书@dSflep biography titles@h第二辑@zeng |
| 306 | @a本书由乐勒出版集团授权上海外语教育出版社出版 | |
| 314 | @a责任者中文姓名取自版权页 | |
| 330 | @a纳尔逊·罗利赫拉赫拉·曼德拉的功绩,历史不会忘记。出生在充满种族压迫的南非,曼德拉有着革命的勇气和坚定的信念,他为各种族的自由而斗争到底。直至20世纪90年代,南非法律依旧剥夺黑人的选举权,切断黑人学校的资金来源,限制黑人的活动范围。人们不会忘记曼德拉是怎样组织人民反抗种族隔离制度;人们不会忘记曼德拉是如何奋斗不息,成为民众希望的象征——即便是当他在狱中的30年时;人们更不会忘记。曼德拉在1994年完成了人们眼中不可能实现的创举——当选为南非解除种族隔离制度后的第一任总统。这本鼓舞人心的传记生动地描述了这位民族英雄带领人民进行的斗争和取得的胜利,同时也描写了在他的感召下形成的伟大民族。 | |
| 410 | 0 | @12001 @a外教社人物传记丛书 |
| 500 | 10 | @aNelson Mandela@mChinese |
| 600 | 1 | @a曼德拉,N.@x传记 |
| 606 | 0 | @a英语@x汉语@x对照读物 |
| 690 | @aH319.4@v4 | |
| 690 | @aK834.787@v4 | |
| 701 | 1 | @a芬利森@Afen li sen@g(Finlayson, R.)@4著@4著 |
| 702 | 0 | @a李欣@Ali xin@4译注 |
| 702 | 0 | @a丘月关@Aqiu yue guan@4译注 |
| 801 | 0 | @aCN@c20100515 |
| 905 | @dH319.4@eF395@f3 | |
| 纳尔逊·曼德拉= Nelson Mandela:英汉对照/Reggie Finlayson著/丘月关,李欣译注.-上海:上海外语教育出版社,2008.10 |
| 155页:图;21cm.-(外教社人物传记丛书=Sflep biography titles.第二辑) |
| ISBN 978-7-5446-0903-6:CNY20.00 |
| 纳尔逊·罗利赫拉赫拉·曼德拉的功绩,历史不会忘记。出生在充满种族压迫的南非,曼德拉有着革命的勇气和坚定的信念,他为各种族的自由而斗争到底。直至20世纪90年代,南非法律依旧剥夺黑人的选举权,切断黑人学校的资金来源,限制黑人的活动范围。人们不会忘记曼德拉是怎样组织人民反抗种族隔离制度;人们不会忘记曼德拉是如何奋斗不息,成为民众希望的象征——即便是当他在狱中的30年时;人们更不会忘记。曼德拉在1994年完成了人们眼中不可能实现的创举——当选为南非解除种族隔离制度后的第一任总统。这本鼓舞人心的传记生动地描述了这位民族英雄带领人民进行的斗争和取得的胜利,同时也描写了在他的感召下形成的伟大民族。 |
| ● |
| 相关链接 |
|
|
|
正题名:纳尔逊·曼德拉
索取号:H319.4/F395
 
预约/预借
| 序号 | 登录号 | 条形码 | 馆藏地/架位号 | 状态 | 备注 |